000 02097nam a22003017i 4500
001 IT\ICCU\CFI\0083860
003 ItRI
005 20260115232223.0
008 890209s1986 it |||||| ||||| |||||c
040 _bita
_cimportazione bologna sebina
041 7 _aita
_2ISO-639-2
110 2 _aChiesa Cattolica.
_bCongregazione per la dottrina della fede
_0IT\ICCU\CFIV\026092
_4aut
245 0 3 _aLa cura pastorale delle persone omosessuali :
_blettera ai vescovi della Chiesa cattolica della Congregazione per la dottrina della fede.
260 _aMilano :
_bEP,
_c©1986
300 _a15 p. ;
_c18 cm.
791 2 _aKongregácia pre vieroučné otázky
_3IT\ICCU\CFIV\026095
_zChiesa Cattolica : Congregazione per la dottrina della fede
791 2 _aCongregazione per la dottrina della fede
_3IT\ICCU\CFIV\070214
_zChiesa Cattolica : Congregazione per la dottrina della fede
791 2 _aSacra congregatio pro doctrina fidei
_3IT\ICCU\CFIV\076322
_zChiesa Cattolica : Congregazione per la dottrina della fede
791 2 _aSacra congregazione per la dottrina della fede
_3IT\ICCU\CFIV\076323
_zChiesa Cattolica : Congregazione per la dottrina della fede
791 2 _aSacrée congrégation pour la doctrine de la foi
_3IT\ICCU\IEIV\103771
_zChiesa Cattolica : Congregazione per la dottrina della fede
791 2 _aCongregation for the Doctrine of the Faith
_3IT\ICCU\IEIV\145462
_zChiesa Cattolica : Congregazione per la dottrina della fede
791 2 _aKongregation für die Glaubenslehre
_3IT\ICCU\SBNV\034547
_zChiesa Cattolica : Congregazione per la dottrina della fede
791 2 _aSanta Sede.
_bSacra congregazione per la dottrina della fede
_3IT\ICCU\SBNV\049898
_zChiesa Cattolica : Congregazione per la dottrina della fede
791 2 _aCongregacion para la doctrina de la fe
_3IT\ICCU\UBOV\784948
_zChiesa Cattolica : Congregazione per la dottrina della fede
791 2 _aChiesa cattolica.
_bDicastero per la dottrina della fede
_3IT\ICCU\UTOV\573420
_yChiesa Cattolica : Congregazione per la dottrina della fede
830 0 _aMagistero ;
_v120
_0IT\ICCU\PBE\0008594
942 _2ddc
_cBK
_n0
999 _c19000
_d19000